00774nam a2200145Ia 4500008004100000020001800041082002200059245015400081260008900235300001100324650005600335700010900391952011100500999001700611120622s9999 xx 000 0 und d a950-574-129-4 a323.4408211 F143e aEl cuarto poder : expresión información y comunicación social / Eduardo Barbarosch; Victor Bazán [et. al] ; coord. de Héctor Raúl Sandler aBuenos Aires : Universidad de Buenos Aires ; Facultad de Derecho y Ciencias Sociales a368 p. a1. LIBERTAD DE PRENSA \ 2. DERECHO A LA PRIVACIDAD aI. Barbarosch, Eduardo ; coaut. II. Bazán, Victor ; coaut. \ III. Sandler, Héctor Raúl ; coaut.Ì 00104070a01b01d2007-10-11l1o323.4408211 F143Ep01 011168r2023-11-29s2023-11-23t1w2012-06-24yLB c60425d60425